One Piece quel Personnage a Mangé quel Fruit du Démon - Statistiques

Statistiques générales
  • Ce quiz a été pris 3 463 fois
    83 depuis la dernière actualisation
  • Le résultat moyen est 73 sur 248
Statistiques - réponses
Type du Fruit du Démon Nom du Fruit du Démon Nom de l'Utilisateur % Correct
Paramecia Gomu Gomu no MiFruit du Gum-Gum Monkey D. Luffy
100%
Paramecia Bara Bara no MiFruit de la Fragmentation Baggy / Buggy
95%
Paramecia Sube Sube no MiFruit Glisse-Glisse Alvida
83%
Paramecia Bane Bane no MiFruit du Ressort Bellamy
78%
Paramecia Ito Ito no MiFruit des Fils Donquixote Doflamingo
77%
Paramecia Doru Doru no MiCiro-Fruit Galdino (Mr. 3)
77%
Paramecia Hana Hana no MiFruit des Éclosions Nico Robin (Miss Allsunday)
77%
Paramecia Nikyu Nikyu no MiFruit des Coussinets Bartholomew Kuma
75%
Paramecia Jiki Jiki no MiMagnéto-Fruit Eustass Kid
73%
Paramecia Mane Mane no MiTravesti-Fruit Bentham (Mr. 2 Bon Kurei / Bon Clay)
72%
Paramecia Yomi Yomi no MiFruit de la Résurrection Brook
72%
Paramecia Kage Kage no MiFruit de l'Ombre Gecko Moria
72%
Paramecia Supa Supa no MiFruit Tailladant Daz Bonez (Mr. 1)
70%
Paramecia Gura Gura no MiFruit du Tremblement (Anciennement) Edward Newgate (Barbe Blanche)
70%
Paramecia Noro Noro no MiFruit Ramollo Foxy
70%
Paramecia Gura Gura no MiFruit du Tremblement Marshall D. Teach (Barbe Noire)
70%
Paramecia Kilo Kilo no Mi / Kiro Kiro no MiFruit Kilo-Kilo Mikita (Miss Valentine)
70%
Paramecia Baku Baku no MiFruit du Glouton Wapol
68%
Paramecia Doa Doa no MiFruit du Portier Blueno
67%
Logia Suna Suna no MiFruit des Sables Crocodile (Mr. 0)
63%
Logia Yami Yami no MiFruit des Ténèbres Marshall D. Teach (Barbe Noire)
63%
Paramecia Mero Mero no MiFruit de la Passion Boa Hancock
62%
Paramecia Horu Horu no MiFruit des Hormones Emporio Ivankov
62%
Paramecia Awa Awa no MiFruit Bubulle Kalifa
62%
Logia Mera Mera no MiPyro-Fruit (Anciennement) Portgas D. Ace
62%
Logia Mera Mera no MiPyro-Fruit Sabo
62%
Logia Magu Magu no MiFruit du Magma Sakazuki (Akainu)
62%
Zoan Hito Hito no MiFruit de l'Humain Tony Tony Chopper
62%
Paramecia Ope Ope no MiFruit du Bistouri Trafalgar D. Water Law
62%
Paramecia Suke Suke no MiFruit de l'Invisibilité (Anciennement) Absalom
60%
Paramecia Toshi Toshi no MiFruit de l'Âge Jewelry Bonney
60%
Paramecia Doku Doku no MiFruit du Venin Magellan
60%
Zoan Mythique Tori Tori no MiFruit du Volatile Modèle Phoenix Marco
60%
Paramecia Wara Wara no MiFruit de la Paille Basil Hawkins
58%
Logia Pika Pika no MiFruit Luminescent Borsalino (Kizaru)
58%
Zoan Mythique Hito Hito no MiFruit de l'Humain Modèle Nika Monkey D. Luffy
58%
Paramecia Suke Suke no MiFruit de l'Invisibilité Shiryu / Shiliew
58%
Logia Moku Moku no MiFruit Fumigène Smoker
58%
Paramecia Shiro Shiro no MiFruit du Château Capone Bege
57%
Paramecia Bomu Bomu no MiFruit Boum-Boum Gem (Mr. 5)
57%
Logia Hie Hie no MiFruit du Givre Kuzan (Aokiji)
57%
Zoan Neko Neko no MiFruit du Félin Modèle Léopard Rob Lucci
57%
Zoan Mythique Hito Hito no MiFruit de l'Humain Modèle Bouddha / Daibutsu Sengoku
57%
Paramecia Soru Soru no MiFruit des Âmes Charlotte Linlin (Big Mom)
55%
Zoan Mythique Uo Uo no MiFruit du Poisson Modèle Dragon Azur / Seiryu Kaidou / Kaidô
55%
Zoan Ushi Ushi no MiFruit du Bovin Modèle Girafe Kaku
55%
Zoan Mythique Hito Hito no Mi Fruit de l'Humain Modèle Nika (Anciennement) Joy Boy
53%
Paramecia Bari Bari no MiFruit de la Barrière Bartolomeo
52%
Paramecia Choki Choki no MiFruit des Ciseaux Inazuma
52%
Logia Gasu Gasu no MiFruit du Gaz Caesar Clown / César Clown
50%
Logia Goro Goro no MiFulguro-Fruit Enel / Ener
50%
Paramecia Kira Kira no MiFruit du Scintillement / Fruit du Diamant Jozu / Joz
50%
Paramecia Oto Oto no MiFruit du Son Scratchemen Apoo
50%
Paramecia Mochi Mochi no MiFruit du Riz Gluant Charlotte Katakuri
48%
Paramecia Zushi Zushi no MiFruit de la Pesanteur / Gravito-Fruit Issho (Fujitora)
48%
Zoan Antique Zo Zo no MiFruit du Pachyderme Modèle Mammouth Jack
48%
Zoan Tori Tori no MiFruit du Volatile Modèle Faucon Pell
48%
Zoan Antique Ryu Ryu no MiFruit du Dinosaure Modèle Allosaure X Drake
48%
Zoan Antique Ryu Ryu no MiFruit du Dinosaure Modèle Ptéranodon Arber / Alber (King)
47%
Paramecia Horo Horo no MiFruit de l'Ectoplasme Perona
47%
Zoan Antique Ryu Ryu no MiFruit du Dinosaure Modèle Brachiosaure Scien (Queen)
47%
Logia Numa Numa no MiFruit du Marais Caribou
45%
Paramecia Bisu Bisu no MiFruit du Biscuit Charlotte Cracker
45%
Paramecia Memo Memo no MiFruit des Souvenirs Charlotte Pudding
45%
Paramecia Shiku Shiku no Mi Fruit de la Maladie Doc Q
45%
Paramecia Riki Riki no Mi Fruit de la Force Jesus Burgess
45%
Zoan Mythique Hebi Hebi no Mi / Fruit du ReptileModèle Serpent à Huit Têtes / Yamata no Orochi Kurozumi Orochi
45%
Paramecia Inconnu Fruit de la Masse Musculaire ? Urouge
45%
Zoan Inu Inu no MiFruit du Canidé Modèle Loup Jabra / Jabura
43%
Paramecia Toki Toki no MiFruit du Temps Kozuki Toki
43%
Paramecia Giro Giro no MiFruit du Regard Riku Viola (Violette)
43%
Paramecia Woshu Woshu no MiFruit de la Lessive Tsuru
43%
Paramecia Toge Toge no MiFruit de l'Oursin Zala (Miss Doublefinger)
43%
Zoan Antique Kumo Kumo no MiFruit de l'Araignée Modèle Rosamygale Grauvogeli Black Maria
42%
Paramecia Mira Mira no MiFruit des Miroirs Charlotte Brûlée
42%
Paramecia Fuku Fuku no MiFruit du Vêtement Kinemon / Kin'emon
42%
Zoan Mythique Artificiel Uo Uo no Mi ArtificielFruit du Poisson Artificiel Modèle Dragon Azur / Seiryu Kouzuki Momonosuke
42%
Paramecia Wapu Wapu no Mi Fruit de la Téléportation Van Augur
42%
Zoan Mythique Inu Inu no MiFruit du Canidé Modèle Loup Divin / Okuchi no Makami Yamato
42%
Paramecia Pero Pero no MiFruit de la Léchouille Charlotte Perospero
40%
Paramecia Nagi Nagi no MiFruit de la Sourdine Donquixote Rosinante (Corazon)
40%
Zoan Antique Ryu Ryu no MiFruit du Dinosaure Modèle Spinosaure Page One
40%
Paramecia Hobi Hobi no MiFruit du Joujou Sugar
40%
Zoan Mythique Inu Inu no Mi / Fruit du CanidéModèle Renard à Neuf Queues / Kyubi no Kitsune Catarina Devon
38%
Paramecia Nui Nui no MiFruit de la Couture Leo
38%
Logia Yuki Yuki no MiFruit du Flocon Monet
38%
Zoan Antique Ryu Ryu no MiFruit du Dinosaure Modèle Pachycéphalosaure Ulti
38%
Zoan Hebi Hebi no MiFruit du Serpent Modèle Anaconda Boa Sandersonia
37%
Zoan Inu Inu no MiFruit du Canidé Modèle Chacal Chaka
37%
Paramecia Buku Buku no MiFruit du Livre Charlotte Mont d'Or
37%
Paramecia Ori Ori no MiFruit Constricteur / Fruit du Séquestre Hina
37%
Zoan Antique Ryu Ryu no MiFruit du Dinosaure Modèle Tricératops Sasaki
37%
Paramecia Sui Sui no MiFruit du Barbotage Senor Pink
37%
Paramecia Artificiel Mero Mero no Mi ArtificielleFruit de la Passion Artificielle S-Snake
37%
Zoan Hebi Hebi no MiFruit du Serpent Modèle Cobra Royal Boa Marigold
35%
Paramecia Soru Soru no MiFruit des Âmes (Anciennement) Carmel
35%
Zoan Ushi Ushi no MiFruit du Bovin Modèle Bison Dolton / Dalton
35%
Paramecia Ishi Ishi no MiFruit de la Caillasse Pica
35%
Zoan Uma Uma no MiFruit du Cheval Pierre
35%
Paramecia Mato Mato no MiFruit du Dans le Mille Vander Decken IX
35%
Paramecia Shima Shima no MiFruit de l'Île Avalo Pizarro
33%
Paramecia Buki Buki no MiArmo-Fruit Baby 5
33%
Paramecia Hoya Hoya no MiFruit de la Lampe Charlotte Daifuku
33%
Paramecia Netsu Netsu no MiFruit de la Cuisson Charlotte Oven
33%
Paramecia Shibo Shibo no MiFruit du Presse-Presse Charlotte Smoothie
33%
SMILE Raté Second de Kid Killer (Kamazo)
33%
Zoan Mythique Ryu Ryu no MiFruit du Dragon Modèle Nidhögg Loki
33%
Paramecia Beta Beta no MiFruit du Poisse-Poisse Trebol
33%
Zoan Antique Neko Neko no MiFruit du Félin Modèle Tigre à Dents de Sabre Who's Who
33%
Paramecia Guru Guru no MiFruit du Tournis Buffalo
32%
Paramecia Kuri Kuri no MiFruit de la Crème Charlotte Opera
32%
Paramecia Fude Fude no MiFruit du Pinceau Kurozumi Kanjuro
32%
Paramecia Chiyu Chiyu no MiFruit de la Guérison Mansherry / Manshelly
32%
Zoan Kame Kame no MiFruit de la Tortue Pekoms
32%
Paramecia Artificiel Nikyu Nikyu no Mi Artificielle Fruit des Coussinets Artificielle S-Bear
32%
Paramecia Artificiel Supa Supa no Mi ArtificielleFruit Tailladant Artificielle S-Hawk
32%
Paramecia Sabi Sabi no MiFruit de la Rouille Shu
32%
Paramecia Artificiel Sui Sui no Mi Artificielle Fruit du Barbotage Artificielle S-Shark
32%
Paramecia Uta Uta no MiFruit du Chant Uta
32%
Paramecia Ato Ato no MiFruit de l'Art Giolla / Jora
30%
Zoan Mythique Présumé Akuma no Mi Fruit du Démon Nerona Imu
30%
Zoan Tama Tama no MiFruit de l'Oeuf Tamago (Hiyoko / Niwatori)
30%
Paramecia Ton Ton no MiFruit des Tonnes Machvise
28%
Paramecia Deka Deka no Mi Fruit du Gigantisme Sanjuan Wolf
28%
Paramecia Fuwa Fuwa no MiFruit Flottant Shiki
28%
Paramecia Gabu Gabu no MiFruit du Glouglou Vasco Shot
28%
Logia Mori Mori no MiSylvo-Fruit Aramaki (Ryokugyu)
27%
Paramecia Hira Hira no MiFruit du Vol-au-vent Diamante
27%
Paramecia Juku Juku no MiFruit de la Maturité Shinobu
27%
Paramecia Beri Beri no MiFruit des Baies Very Good
27%
Zoan Inconnu Fruit du Dalmatien ? Dalmatian
25%
Zoan Mogu Mogu no MiFruit Fouisseur Drophy (Miss Merrychristmas)
25%
Paramecia Pamu Pamu no MiFruit Paf-Paf Gladius
25%
Zoan Mythique Présumé Fruit du Gyuki ? Jaygarcia Saturn
25%
Paramecia
Jiki Jiki no Mi
Magnéto-Fruit (Anciennement)
John
25%
Zoan Mythique Présumé Fruit du Itsumade ? Marcus Mars
25%
Paramecia Kibi Kibi no MiFruit du Millet Tama
25%
Paramecia Nomi Nomi no Mi Fruit du Ciboulot Vegapunk
25%
Logia Susu Susu no MiFruit de la Suie Karasu
23%
Paramecia Maki Maki no MiFruit des Rouleaux Raizo
23%
Zoan Mythique Présumé Fruit du Sandworm ? Shepherd Ju Peter
23%
Paramecia Kuku Kuku no MiFruit du Cuistot Streusen
23%
Zoan Mythique Présumé Fruit du Hoki ? Topman Warcury
23%
Paramecia Aro Aro no MiFruit de la Flèche Manmayer Gunko
22%
Zoan Inconnu Fruit du Taureau ? Minotaurus / Minotaure
22%
Zoan Inconnu Fruit du Zèbre ? Minozebra / Minozèbre
22%
Zoan Mythique Risu Risu no MiFruit de l'Écureil Modèle Ratatosk Ragnir
22%
Zoan Mythique Uma Uma no MiFruit du Cheval Modèle Pégase Stronger
22%
Zoan Mythique Inconnu Fruit du Cerbère ? Cerberus / Cerbère
20%
Zoan Zo Zo no MiFruit du Pachyderme Funkfreed
20%
Zoan Inconnu Fruit du Koala ? Minokoala
20%
SMILE SMILE du Cheval (Femme) Speed
20%
Paramecia Poke Poke no MiFruit des Poches Blamenco
18%
Zoan Mythique Présumé Fruit du Bakotsu ? Ethanbaron V. Nusjuro
18%
Zoan Inu Inu no MiFruit du Canidé Modèle Basset Lassoo
18%
Zoan Inconnu Fruit du Rhinocéros ? Minorhinoceros
18%
Zoan Tori Tori no MiFruit du Volatile Modèle Albatros Morgans
18%
Zoan Sara Sara no MiFruit de la Salamandre Modèle Axolotl Smiley
18%
Paramecia Bata Bata no MiFruit du Beurre Charlotte Galette
17%
Paramecia Jake Jake no MiFruit de la Pelisse Kelly Funk / Kerry Funk
17%
Paramecia Mane Mane no MiTravesti-Fruit (Anciennement) Kurozumi Higurashi
17%
Paramecia Shari Shari no MiFruit des Roues Sharinguru
17%
Paramecia Iba Iba no MiFruit des Épines Shepherd Sommers
17%
Paramecia Kobu Kobu no MiFruit de l'Exaltation Belo Betty
15%
Paramecia Bomu Bomu no Mi Fruit Boum-Boum (Anciennement) Ganzui
15%
Paramecia Bari Bari no MiFruit de la Barrière (Anciennement) Kurozumi Semimaru
15%
Zoan Inconnu Fruit du Chihuahua ? Minochihuahua
15%
Zoan Mushi Mushi no MiFruit de l'Insecte Modèle Scarabé Rhinocéros Kabu
13%
Zoan Présumé Fruit de la Colombe ? Laffitte
13%
Paramecia Oshi Oshi no MiFruit du Pousse-Pousse Morley
13%
SMILE Raté Coqueluche du Village d'Ebisu Shimotsuki Yasuie (Tonoyasu)
13%
SMILE Raté Fille Adoptive de la Coqueluche Toko
13%
Zoan Mushi Mushi no MiFruit de l'Insecte Modèle Abeille Bian / Bee Anne
12%
Zoan Inconnu Fruit de la Chenille ? Epoida
12%
SMILE SMILE de la Gazelle Gazelleman
12%
Paramecia Horo Horo no Mi Fruit de l'Ectoplasme (Anciennement) Gill Bastar
12%
Zoan Inconnu Fruit de l'Araignée ? Onigumo
12%
Zoan Mythique Ryu Ryu no MiFruit du Dinosaure Modèle Girafe / Kirin Rimoshifu Killingham / Limoshiv Kiringham
12%
Zoan Mythique Hito Hito no MiFruit de l'Humain Modèle Grand Moine / Onyodu Onimaru
10%
Zoan Batto Batto no MiFruit de la Chauve-Souris Stussy
10%
SMILE SMILE de l'Alpaga Alpacaman / Alpagaman
8%
SMILE SMILE de la Chauve-Souris Batman
8%
Paramecia Nori Nori no Mi Fruit de la Conduite Bluegrass
8%
SMILE SMILE du Scorpion (Homme) Daifugo
8%
SMILE SMILE du Lion Holdem / Holed'em
8%
SMILE SMILE de la Souris Mouseman
8%
Logia Présumé Gunyo Gunyo no MiFruit de la Bouillasse Prince Grus
8%
Paramecia Iku Iku no Mi Fruit de la Formation Biblo
7%
Paramecia Muchi Muchi no MiFruit du Fouet Kujaku
7%
SMILE SMILE du Lapin Rabbitman
7%
Paramecia Dero Dero no MiFruit de la Dissolution Artur Bacca
5%
SMILE SMILE de l'Éléphant Babanuki
5%
Paramecia Gocha Gocha no MiFruit du Pêle-mêle Charlotte Newshi
5%
Zoan Potentiel Fruit du Démon Carnivore Détenu par un Objet ? Fléau de Rakuyo
5%
SMILE SMILE du Mouton Sheepshead
5%
SMILE SMILE du Serpent (Homme) Snakeman
5%
Zoan Inu Inu no MiFruit du Canidé Modèle Tanuki Bunbuku
3%
Zoan Mythique Ryu Ryu no Mi Fruit du Dragon Modèle Nidhögg (Anciennement) Dieu de la Guerre
3%
SMILE SMILE de la Girafe Hamlet
3%
SMILE SMILE du Tatou Madilloman / Tatouman
3%
Zoan Rako Rako no Mi Fruit de la Loutre Pomsky
3%
SMILE SMILE de l'Écureil Volant Bao Huang
2%
SMILE SMILE du Gorille (Homme) Briscola
2%
SMILE SMILE du Coq Fourtricks
2%
SMILE SMILE de l'Aigle Hawkman
2%
Zoan Inu Inu no MiFruit du Canidé Modèle Chien de Chasse Hound
2%
Zoan Inconnu Fruit du Lion ? Iscat
2%
SMILE SMILE du Serpent (Femme) Sarahebi
2%
SMILE SMILE du Singe Solitaire
2%
Paramecia Tsutsu Tsutsu no MiFruit du Cylindre Urban
2%
SMILE SMILE du Papillon Machaon Ageha Woman
0%
SMILE Raté Vieille Femme du Village d'Ebisu Azuki
0%
SMILE SMILE de la Sauterelle Gastrimargus Battaman
0%
SMILE SMILE du Frelon Beegirl
0%
SMILE SMILE du Scarabée Rhinocéros Beetleman
0%
SMILE SMILE du Python Bishonure-Onna
0%
SMILE SMILE de l'Hérisson Bisley
0%
SMILE SMILE du Caïman Caimanlady
0%
SMILE SMILE du Scarabée du Caucase Caucasusman
0%
SMILE SMILE du Phasmide Chochinman
0%
SMILE SMILE de l'Autruche Dachoman
0%
SMILE SMILE de l'Hippopotame Dobon
0%
Paramecia Potentiel Fruit des Golems ? Elmy
0%
SMILE SMILE de l'Hibou Frères Doubt
0%
SMILE SMILE du Cheval (Numbers) Fuga
0%
SMILE Raté Vieille Homme du Village d'Ebisu Genrin
0%
SMILE SMILE de l'Écureil Ginrummy
0%
SMILE Raté Petit Garçon du Village d'Ebisu Hanko / Han
0%
SMILE SMILE du Cheval (Sbire d'Orochi) Hoisassa
0%
SMILE SMILE du Cheval (Sbire de Kaidou) Horseman
0%
SMILE SMILE de la Sauterelle Chinoise Jumper
0%
SMILE SMILE de la Mante Religieuse Kamakirigirl
0%
SMILE Raté Petite Fille du Village d'Ebisu Koito
0%
SMILE SMILE du Faucon Pèlerin Koshi Falcon
0%
SMILE SMILE du Gorille (Femme) Mizerka
0%
SMILE SMILE du Crabe Nightcrab Girl
0%
SMILE SMILE du Scarabée Lucane Nokokuwa Police
0%
SMILE Raté Marchande du Village d'Ebisu Noriko
0%
SMILE SMILE de la Couleuvre Nure-Onna
0%
SMILE SMILE du Crotale Poker
0%
SMILE SMILE du Loup Redwolf
0%
SMILE SMILE du Rhinocéros Saitank
0%
SMILE Raté Femme du Village d'Ebisu Saki
0%
SMILE SMILE du Scorpion (Femme) Scorpionlady
0%
SMILE SMILE du Serpent Blanc Tenjo-Sagari
0%
SMILE SMILE de la Tortue Terrestre Usunoro
0%
SMILE SMILE du Carlin Wanyudo
0%
SMILE SMILE de la Couleuvre Ratière Japonaise Yamanba
0%
Aucun quiz correspondant
Distribution des résultats
% des personnes avec chaque résultat
Percentile par nombre de réponses
Votre historique - résultats
Vous n’avez pas pris ce quiz depuis la dernière actualisation